000
00262nam a22001217a 4500
003
SGT
082
_a
823
_b
GHO
100
_a
GHOSH ASTRI
245
_a
THE RATS FEAST A TAGORE OMNIBUS
260
_a
INDIA
_b
HACHETTE PUB
_c
2013
300
_a
238
942
_2
ddc
_c
BK
999
_c
33985
_d
33985